| 000 | 01424nam a2200349 a 4500 | ||
|---|---|---|---|
| 003 | BLK | ||
| 005 | 20250724163816.0 | ||
| 008 | 220119b bul|||||r ||||||| ||bul|| | ||
| 020 | _a9789543575916 | ||
| 040 | _aBLK | ||
| 041 |
_aBUL _cBUL |
||
| 080 |
_aНемска литература _b821.112.2 _z821.112.2-9 |
||
| 080 |
_b929 Линдгрен, Астрид Ана Емилия _z929 Линдгрен, Астрид Ана Емилия |
||
| 100 |
_aЛидер, Зузане _9489171 |
||
| 245 | 1 | 0 |
_aАстрид Линдгрен _cЗузане Лидер; прев. от нем. Ваня Пенева. |
| 260 |
_aСофия _bЕМАС _c2023 |
||
| 300 |
_a360 с. _c22 см |
||
| 380 | _aX | ||
| 490 |
_aМузи _9420198 |
||
| 600 | 0 |
_aЛиндгрен, Астрид _d1907 - 2002 _qЛиндгрен, Астрид Анна Емилия _9245550 |
|
| 700 |
_aПенева, Ваня Илиева _d1957- _gПреводач от немски, английски и руски език. _eпрев. от нем. _9363755 |
||
| 700 |
_aВандермер, Силвия _9486079 |
||
| 700 |
_aМайереверт, Франк _9486080 |
||
| 852 | _aЦб 326219 | ||
| 856 | 4 |
_qpdf _i0.00 _ldisable |
|
| 856 | 4 |
_qpdf _i0.00 _ldisable |
|
| 942 |
_cKNG _n0 _047 _s1 |
||
| 944 |
_cНора Радева _k30531 _lЦветелина Шанова |
||
| 999 |
_c495621 _d495621 |
||
| 999 | _d495621 | ||
| 999 | _d488346 | ||